Click the Correct Joan - Statistics

General Stats
  • This quiz has been taken 11 times
  • The average score is 9 of 20
Answer Stats
Hint Answer % Correct
Claimed saints gave her orders to lead a national army of Arc
100%
Oscar winner who's a legendary rival to Bette Davis Crawford
89%
A defining figure of American protest music in the Vietnam War era Baez
78%
Associated with the Blackhearts Jett
78%
Defining character of 1980s primetime glamour Collins
67%
British stage actress associated with the Royal National Theatre in its early years Plowright
67%
Voice for Jessie in Pixar’s Toy Story films Cusack
56%
Star of two Hitchcock flicks Fontaine
56%
Sharp-tongued host for Fashion Police Rivers
56%
British cryptanalyst who worked at Bletchley Park during WWII Clarke
44%
Chronicled California’s cultural breakdown literarily Didion
44%
Part of Warner Bros. pre-code ensemble Blondell
33%
Portrayed an Empress who watches an empire collapse from within Chen
33%
Won the first women’s Olympic marathon in 1984 Benoit
22%
A former government minister in the House of Lords Hanham
22%
Author of Picnic at Hanging Rock Lindsay
22%
Quoted "Jingle Bells" in a minor key Mitchell
22%
Wrote the influential essay Womanliness as a Masquerade Riviere
22%
Writer of gothic-tinged stories for children Aiken
11%
Painted the landscapes of Scotland Eardley
11%
No matching quizzes found
Score Distribution
Percent of People with Each Score
Percentile by Number Answered
Your Score History
You have not taken this quiz